1521 1048 1309 1323 1171 1577 1928 1526 1548 1111 1873 1724 1616 1490 1984 1733 1510 1681 1620 1933 1628 1287 1380 1112 1850 1435 1356 1779 1241 1353 1837 1729 1869 1167 1414 1281 1610 1597 1382 1917 1934 1953 1510 1262 2000 1977 1703 1184 1114 1060 1451 1571 1910 1049 1877 1522 1318 1100 1205 1580 1979 1042 1261 1252 1577 1906 1654 1088 1644 1854 1104 1331 1851 1250 1795 1261 1386 1454 1529 1023 1018 1133 1405 1236 1360 1570 1466 1888 1333 1372 1969 1902 1936 1002 1062 1570 1956 1754 1927 BCNSPRNW ULIB Ver.6.0+V

เปลี่ยนเป็นภาษาไทย

Change to English
 แสดงรายละเอียดบรรณานุกรม
  กลับหน้าหลัก

Brief Record : Get Marc (ISO 2709) : E-mail record : QR code < ปิดหน้าต่าง
LEADER : 00000nam 2200000uu 4500
001    13399120001
003     ULIB
008    120712s2547||||th 000 0 tha d
020    ^a9789740864134
060  4 ^aQS4^bจ213ก
100 0  ^aริชาร์ด วอล์คเกอร์
245 10 ^aร่างกายของมนุษย์ การหายใจ /^cแฟรงคลิน วัตต์ส
250    ^aพิมพ์ครั้งที่ 3
260    ^aกรุงเทพฯ :^bไทยวัฒนาพานิช,^c2547
500    ^aการหายใจ
945    ^p290^l0^i24797
995    ^aทศพร
999    ^aใช้งานได้ทุกระบบ
รายการนี้ยังไม่มีแท็ก
คุณยังไม่ได้ล็อกอิน คุณสามารถมีกิจกรรมร่วมกับเว็บไซต์ได้ แต่ต้องล็อกอินก่อน ::
  ล็อกอิน

รายการสื่อสารสนเทศ

ลำดับที่ ประเภท เลขเรียก/บาร์โค้ด สถานที่ สถานะ
- ไม่พบข้อมูล -

รายการใกล้เคียง
    ผู้แต่ง [ริชาร์ด วอล์คเกอร์]

BibComment


ยังไม่เคยถูกคอมเมนท์

คอมเมนท์ทรัพยากรรายการนี้
  คอมเมนท์: ร่างกายของมนุษย์..


 Copyright 2026. Bcnsprnw @Library